<?xml version="1.0" encoding="UTF-8"?>
<collection xmlns="http://www.loc.gov/MARC21/slim">
 <record>
  <leader>00539pamaa2200157   4500</leader>
  <controlfield tag="001">0000051612</controlfield>
  <controlfield tag="005">20130816090000.0</controlfield>
  <controlfield tag="008">130816s2010                             eng  </controlfield>
  <datafield tag="022" ind1="0" ind2="0">
   <subfield code="a">18231411</subfield>
  </datafield>
  <datafield tag="245" ind1="1" ind2="4">
   <subfield code="a">The halal journal : </subfield>
   <subfield code="b">Jan-Dec 2010.</subfield>
  </datafield>
  <datafield tag="260" ind1="0" ind2="0">
   <subfield code="a">Kuala Lumpur, Malaysia: </subfield>
   <subfield code="b">KasehDia Corporate, </subfield>
   <subfield code="c">2009-.</subfield>
  </datafield>
  <datafield tag="300" ind1=" " ind2=" ">
   <subfield code="a">v.: </subfield>
   <subfield code="b">col. ill.; </subfield>
   <subfield code="c">27 cm.</subfield>
  </datafield>
  <datafield tag="650" ind1="0" ind2="0">
   <subfield code="a">Food -- </subfield>
   <subfield code="x">Religious aspects -- </subfield>
   <subfield code="x">Islam -- </subfield>
   <subfield code="x">Periodicals </subfield>
  </datafield>
  <datafield tag="650" ind1="0" ind2="0">
   <subfield code="a">Muslims -- </subfield>
   <subfield code="x">Dietary laws -- </subfield>
   <subfield code="x">Periodicals </subfield>
  </datafield>
  <datafield tag="710" ind1="1" ind2="1">
   <subfield code="a">KasehDia Corporate </subfield>
  </datafield>
  <datafield tag="901" ind1=" " ind2=" ">
   <subfield code="u">http://www.halaljournal.com</subfield>
  </datafield>
 </record>
</collection>
